[Event "EYCC Open-U16 2019"]
[Site "Bratislava"]
[Date "2019.08.05"]
[Round "4.1"]
[White "Mis, Mieszko"]
[Black "Pogosyan, Stefan"]
[Result "0-1"]
[WhiteElo "2284"]
[BlackElo "2334"]
[Annotator "TA"]
[PlyCount "70"]
[EventDate "2019.08.02"]
[EventType "swiss"]
[EventCountry "SVK"]
[SourceTitle "playchess.com"]
[Source "ChessBase"]
[SourceQuality "1"]

{[%evp 13,82,37,59,10,15,32,14,28,20,0,0,-6,0,-16,-12,-15,-9,-54,-66,-62,-42,-50,-25,-30,-24,-36,-41,-33,-10,-27,-22,-39,0,-66,-60,-71,-83,-67,-29,-27,-29,-32,-28,-60,-46,-93,-95,-100,-84,-100,-100,-100,-100,-306,-304,-341,-340,-326,-177,-345,-346,-470,-369,-351,-345,-332,-177,-828,-831,-930,-709]} 1. d4 Nf6 2. c4 e6 3. Nf3 d5 4. g3 dxc4 5. Bg2 a6 6. O-O Nc6 7. e3 Rb8 8. Qe2 {E04: Open Catalan: 5 Nf3} b5 9. b3 cxb3 10. axb3 {The position is equal.} Be7 (10... Bd6 11. Rd1 Qe7 12. Bb2 O-O 13. Rc1 Bb7 14. Ne5 Nb4 15. Bxb7 Rxb7 {1-0 (52) So,W (2778)-Mamedyarov,S (2808) Leuven 2018}) 11. Bb2 O-O 12. Rc1 Bb7 $36 {[%mdl 2048] Black fights for an advantage.} 13. Ne1 Nb4 14. Bxb7 Rxb7 15. Nd3 $146 ({Predecessor:} 15. Nd2 c6 {0-1 (45) Kobo,O (2484)-Banusz,T (2617) Budapest 2018}) 15... Nxd3 16. Qxd3 Rb6 17. Qc2 Nd5 18. Nd2 Bd6 19. Ne4 f5 20. Nc5 Qe8 21. e4 ({Avoid the trap} 21. Nxa6 $2 Rxa6 $1 {[%mdl 512]} 22. Rxa6 Nb4 $19) 21... fxe4 22. Qxe4 Qf7 (22... Bxc5 $5 23. dxc5 Rc6 $11) 23. Rc2 (23. f4 $1 $11) 23... Qf5 $15 24. Qxe6+ Qxe6 25. Nxe6 Ra8 26. Nc5 a5 27. Bc3 Bxc5 28. dxc5 Rba6 29. Re1 a4 30. bxa4 bxa4 31. Ba1 a3 32. c6 a2 33. Re5 $2 (33. h4 $17 {is a better defense.}) 33... Rb8 $19 34. Kg2 {[#]} Rb1 $1 35. Bd4 Ra4 {Played: Nd5-b4} 0-1

[Event "EYCC Open-U16 2019"]
[Site "Bratislava"]
[Date "2019.08.05"]
[Round "4.2"]
[White "De Boer, Eelke"]
[Black "Stefansson, Vignir Vatnar"]
[Result "1/2-1/2"]
[WhiteElo "2279"]
[BlackElo "2293"]
[Annotator "NA"]
[PlyCount "115"]
[EventDate "2019.08.02"]
[EventType "swiss"]
[EventCountry "SVK"]
[SourceTitle "playchess.com"]
[Source "ChessBase"]
[SourceQuality "1"]
[TimeControl "40/5400+30:1800+30"]

1. e4 {[%emt 0:00:00]} c5 {[%emt 0:00:21]} 2. Nf3 {[%emt 0:00:00]} Nc6 {[%emt 0:00:18]} 3. d4 {[%emt 0:00:00]} cxd4 {[%emt 0:00:05]} 4. Nxd4 {[%emt 0:00:00]} Nf6 {[%emt 0:00:06]} 5. Nc3 {[%emt 0:00:00]} e5 {[%emt 0:00:04]} 6. Ndb5 {[%emt 0:00:06]} d6 {[%emt 0:00:05]} 7. Bg5 {[%emt 0:00:10]} a6 {[%emt 0:00:03]} 8. Na3 {[%emt 0:00:09]} b5 {[%emt 0:00:58]} 9. Nd5 {[%emt 0:00:10]} Be7 {[%emt 0:00:06]} 10. Bxf6 {[%emt 0:00:06]} Bxf6 {[%emt 0:00:05]} 11. c3 {[%emt 0:00:09]} O-O {[%emt 0:02:14]} 12. Nc2 {[%emt 0:00:10]} Rb8 {[%emt 0:00:05]} 13. h4 {[%emt 0:01:12]} g6 {[%emt 0:01:03]} 14. g3 {[%emt 0:01:19]} Bg7 {[%emt 0:00:12]} 15. h5 {[%emt 0:00:18]} Be6 {[%emt 0:01:03]} 16. Bh3 {[%emt 0:05:04]} Bxd5 {[%emt 0:13:27]} 17. Qxd5 {[%emt 0:00:17]} Ne7 {[%emt 0:00:45]} 18. Qb3 {[%emt 0:14:07]} Qb6 {[%emt 0:05:39]} 19. Rd1 {[%emt 0:15:56]} a5 {[%emt 0:13:32]} 20. Ne3 {[%emt 0:07:15]} b4 {[%emt 0:05:42]} 21. Nc4 {[%emt 0:09:42]} Qc6 {[%emt 0:02:28]} 22. Ne3 {[%emt 0:06:59]} bxc3 {[%emt 0:03:07]} 23. Qxc3 {[%emt 0:00:06]} Qxe4 {[%emt 0:01:21]} 24. O-O {[%emt 0:00:59]} Qa4 {[%emt 0:03:15]} 25. Qc7 {[%emt 0:03:04]} Bf6 {[%emt 0:09:42]} 26. Qxd6 {[%emt 0:02:31]} Bg5 {[%emt 0:00:02]} 27. Qxe5 {[%emt 0:05:12]} Rb5 {[%emt 0:02:11]} 28. Nd5 {[%emt 0:09:14]} Nxd5 {[%emt 0:01:33]} 29. Bd7 {[%emt 0:05:57]} Bf6 {[%emt 0:01:07]} 30. Qd6 {[%emt 0:00:18]} Qb4 {[%emt 0:05:08]} 31. Qxb4 {[%emt 0:06:13]} Rxb4 {[%emt 0:00:24]} 32. Rxd5 {[%emt 0:00:08]} a4 {[%emt 0:01:55]} 33. Ra5 {[%emt 0:01:19]} Rxb2 {[%emt 0:00:33]} 34. Rxa4 {[%emt 0:00:24]} Rd8 {[%emt 0:00:45]} 35. Bg4 {[%emt 0:05:11]} Kg7 {[%emt 0:00:22]} 36. hxg6 {[%emt 0:02:03]} hxg6 {[%emt 0:00:10]} 37. Bd1 {[%emt 0:01:30]} Rdd2 {[%emt 0:00:27]} 38. Bb3 {[%emt 0:00:26]} Bd4 {[%emt 0:00:06]} 39. Rc4 {[%emt 0:00:47]} Bxf2+ {[%emt 0:01:41]} 40. Kg2 {[%emt 0:00:00]} Bd4+ {[%emt 0:00:00]} 41. Kf3 {[%emt 0:07:37]} f5 {[%emt 0:01:10]} 42. g4 {[%emt 0:02:25]} Kf6 {[%emt 0:07:49]} 43. gxf5 {[%emt 0:02:26]} gxf5 {[%emt 0:00:12]} 44. Kf4 {[%emt 0:08:51]} Be5+ {[%emt 0:02:33]} 45. Ke3 {[%emt 0:00:04]} Re2+ {[%emt 0:00:13]} 46. Kf3 {[%emt 0:00:09]} Rh2 {[%emt 0:03:30]} 47. Rc6+ {[%emt 0:05:44]} Kg7 {[%emt 0:01:01]} 48. Ke3 {[%emt 0:00:11]} Rh3+ {[%emt 0:07:37]} 49. Rf3 {[%emt 0:00:06]} f4+ {[%emt 0:07:37]} 50. Ke4 {[%emt 0:00:10]} Re2+ {[%emt 0:00:06]} 51. Kd3 {[%emt 0:00:06]} Rhh2 {[%emt 0:00:39]} 52. Rc2 {[%emt 0:01:51]} Rxc2 {[%emt 0:00:24]} 53. Bxc2 {[%emt 0:00:06]} Kf6 {[%emt 0:00:13]} 54. Bb3 {[%emt 0:00:56]} Kf5 {[%emt 0:00:22]} 55. Bd5 {[%emt 0:02:35]} Bc7 {[%emt 0:00:36]} 56. Rf1 {[%emt 0:01:06]} Ke5 {[%emt 0:00:08]} 57. Rh1 {[%emt 0:01:40]} Rxh1 {[%emt 0:00:26]} 58. Bxh1 {[%emt 0:00:07]} 1/2-1/2

[Event "EYCC Open-U16 2019"]
[Site "Bratislava"]
[Date "2019.08.05"]
[Round "4.3"]
[White "Timoshin, Andrei"]
[Black "Sargsyan, Tigran R."]
[Result "0-1"]
[WhiteElo "2154"]
[BlackElo "2314"]
[Annotator "TA"]
[PlyCount "112"]
[EventDate "2019.08.02"]
[EventType "swiss"]
[EventCountry "SVK"]
[SourceTitle "playchess.com"]
[Source "ChessBase"]
[SourceQuality "1"]

{[%evp 9,112,13,21,20,21,5,0,0,0,0,0,0,0,-11,0,4,11,4,42,27,12,0,35,35,57,0,4,0,0,-8,-5,-5,-10,-2,-2,-39,-49,-54,-28,-25,-27,-62,-48,-67,-45,-70,-74,-107,-100,-88,-93,-83,-68,-81,-84,-119,-59,-64,0,0,0,-65,0,0,0,-58,-65,-151,-117,-316,-300,-310,-300,-297,-273,-267,-256,-318,-314,-251,-241,-205,-198,-322,-310,-390,-374,-453,-445,-694,-425,-1060,-1000,-2250,-3820,-3396,-2656,-2640,-2314,-29969,-29970,-29971,-6931,-29981,-29982]} 1. e4 e6 2. d4 d5 3. Nd2 a6 4. exd5 exd5 5. Ngf3 Nf6 6. Bd3 {C03: French Tarrasch: Unusual Black 3rd moves} Bd6 7. O-O O-O 8. h3 {The position is equal.} Nc6 9. c4 (9. c3 Re8 10. Re1 h6 11. Nf1 Be6 12. Be3 Qd7 13. Qc2 Re7 14. Bd2 Rae8 15. Ne3 Qc8 16. Re2 Bd7 17. Rae1 {½-½ (17) Bryzgalin,K (2512)-Skorchenko,D (2475) Lugansk 2007}) 9... dxc4 $146 ({Predecessor:} 9... Bf4 10. c5 Re8 11. a3 Ne4 12. Re1 Bf5 {1-0 (37) Mader,M (2212)-Khulan,E (1866) Kazan 2013}) 10. Nxc4 h6 11. b3 Nd5 12. Bb2 Nf4 13. Be4 Ne7 14. Nxd6 Qxd6 15. Re1 Bxh3 16. Ne5 Be6 17. Qc1 (17. Bxb7 $14 Rab8 18. Be4) 17... Nfd5 $1 $11 18. Ba3 Qd8 $1 19. Bxd5 Bxd5 20. Bxe7 $1 Qxe7 {[#]} 21. Ng6 $1 $132 {[%mdl 2560] White is fighting back} Qd7 (21... fxg6 22. Rxe7) 22. Nxf8 Qg4 {[%csl Gd5][%cal Rg4g2][%mdl 64] Double Attack} 23. f3 $1 {[%cal Rf3g4]} Bxf3 $1 {[%csl Gf3][%cal Rg4g2]} 24. Qd2 {Nd7 is the strong threat.} Rxf8 25. Qf2 Bc6 26. Rad1 Be4 27. Rc1 c6 28. Re3 f5 29. Rg3 Qh5 30. Qf4 Rf7 31. Rf1 Kh7 32. Qe5 Rd7 ({Black should play} 32... Qh4 $17 33. Re1 Qd8) 33. Rf2 $15 Qd1+ {[%mdl 64] Double Attack} 34. Kh2 $1 Qh5+ 35. Kg1 $1 Qd1+ (35... Qf7 $15) 36. Kh2 $1 $11 Qh5+ ({Better is} 36... Rf7 $11) 37. Kg1 $1 $15 Qf7 38. Rd2 (38. Re3 $1 $15 Qg6 39. Rg3) 38... Qd5 39. Qf4 $2 (39. Qxd5 $17 {keeps fighting.} Rxd5 40. Rc3) 39... c5 $19 40. Rc3 cxd4 41. Rc8 Qd6 42. Qxd6 Rxd6 {[%mdl 4096] Endgame KRR-KRB} 43. Rc4 d3 44. Kf2 Rg6 45. g3 Rg5 46. Rc1 (46. Rd4 $142) 46... Kg6 47. Rg1 Kf6 48. Ke3 Ke5 49. Rdd1 (49. Rf2 $142 h5 50. Rff1) 49... h5 50. Rc1 {[#]} (50. Rdf1 $142 Rg6 51. Kd2) 50... Rxg3+ $1 {[%mdl 576] Remove Defender, Decoy} 51. Rxg3 f4+ {[%mdl 64] Double Attack} 52. Kf2 fxg3+ 53. Kxg3 Kd4 54. Kf2 d2 55. Rd1 Kd3 56. a4 {[#]} Kc2 $1 {Accuracy: White = 39%, Black = 68%.} 0-1

[Event "EYCC Open-U16 2019"]
[Site "Bratislava"]
[Date "2019.08.05"]
[Round "4.4"]
[White "Barseghyan, Armen Ar."]
[Black "Mukhutdinov, Tigran"]
[Result "1-0"]
[WhiteElo "2313"]
[BlackElo "2328"]
[Annotator "TA"]
[PlyCount "73"]
[EventDate "2019.08.02"]
[EventType "swiss"]
[EventCountry "SVK"]
[SourceTitle "playchess.com"]
[Source "ChessBase"]
[SourceQuality "1"]

{[%evp 10,73,13,19,9,21,16,13,11,7,19,17,50,42,55,24,39,33,43,0,18,22,30,10,46,12,39,25,66,66,66,66,61,45,61,30,47,25,19,18,22,9,25,-4,0,-4,-4,-7,0,-39,-52,-54,-63,-60,-47,-55,45,46,77,41,536,541,1071,1059,1231,1206]} 1. e4 c5 2. Nc3 Nc6 3. Bb5 Nd4 4. Nf3 Nxb5 5. Nxb5 d6 6. d4 Nf6 {B23: Closed Sicilian: Lines without g3} 7. Qd3 a6 8. Nc3 cxd4 {The position is equal.} 9. Nxd4 e5 10. Nf5 g6 $146 ({Predecessor:} 10... Bxf5 11. exf5 h6 12. Bd2 Be7 13. O-O-O O-O 14. g4 {1-0 (38) Rapport,R (2719)-Nihal,S (2556) Abu Dhabi 2018}) 11. Ne3 Be7 12. Ned5 Nxd5 $1 13. Nxd5 Be6 14. Bh6 (14. O-O {seems wilder.} O-O 15. Bh6 Re8 16. c4 b5 17. Rac1) 14... Rc8 15. Nxe7 Qxe7 16. O-O-O Rc6 (16... g5 $5 {[%cal Re7f6]}) 17. Kb1 Kd7 18. f4 {fxe5 is the strong threat.} f6 19. fxe5 fxe5 20. Qe3 Kc8 21. Qa7 Qc7 22. Rhf1 Re8 23. Bf8 b5 24. Qf2 Kb7 25. Qd2 {[%cal Rf8d6]} Rd8 26. Rf6 d5 27. Bb4 {aiming for Ba5.} Rd7 28. Ba5 $36 {[%mdl 2048] White fights for an advantage.} Qc8 29. Qf2 ({But not} 29. exd5 $2 Rxd5 30. Rxe6 Rxd2 $19) 29... dxe4 {[%cal Rd7d1]} 30. Re1 e3 31. Qf3 {Strongly threatening Rxe6.} e2 {Threatens to win with ...Bd5.} 32. b3 ({Avoid the trap} 32. Rxe6 $2 Rd1+ 33. Rxd1 exd1=Q+ 34. Qxd1 Qxe6 $19) 32... e4 ({Black should play} 32... Rdd6 $1 $15 33. Rf8 Rd1+ $1 {[%mdl 512]} 34. Kb2 e4 $1 {[%mdl 512]} 35. Rxc8 exf3 36. Rxc6 Kxc6 37. gxf3 Rxe1 38. Bxe1 g5) 33. Qxe2 $14 Bd5 34. Ref1 {Hoping for Rf8.} Qe8 $2 {[%mdl 8192] [#]} (34... Rxf6 $14 35. Rxf6 Qc5) 35. Rxc6 $1 $18 {White is clearly winning.} Kxc6 {[#]} 36. Qe3 $1 {[%csl Ga5][%cal Re3b6][%mdl 512]} Qb8 {[#]} 37. Rf8 $1 {[%mdl 512] Accuracy: White = 63%, Black = 43%.} 1-0

[Event "EYCC Open-U16 2019"]
[Site "Bratislava"]
[Date "2019.08.05"]
[Round "4.5"]
[White "Van Dael, Siem"]
[Black "Kacharava, Nikolozi"]
[Result "1-0"]
[WhiteElo "2319"]
[BlackElo "2431"]
[Annotator "RC"]
[PlyCount "89"]
[EventDate "2019.08.02"]
[EventType "swiss"]
[EventCountry "SVK"]
[TimeControl "40/5400+30:1800+30"]

1. e4 {[%emt 0:00:00]} c5 {[%emt 0:00:12]} 2. Nf3 {[%emt 0:00:00]} d6 {[%emt 0:00:31]} 3. d4 {[%emt 0:00:00]} cxd4 {[%emt 0:00:34]} 4. Nxd4 {[%emt 0:00:00]} Nf6 {[%emt 0:00:36]} 5. Nc3 {[%emt 0:00:00]} a6 {[%emt 0:00:32]} 6. Be3 {[%emt 0:00:05]} e5 {[%emt 0:00:48]} 7. Nb3 {[%emt 0:00:06]} Be6 {[%emt 0:01:15]} 8. f3 {[%emt 0:00:36]} h5 {[%emt 0:00:53]} 9. Qd2 {[%emt 0:00:05]} Nbd7 {[%emt 0:02:03]} 10. O-O-O {[%emt 0:01:40]} Rc8 {[%emt 0:01:19]} 11. Kb1 {[%emt 0:00:25]} Be7 {[%emt 0:01:43]} 12. Nd5 {[%emt 0:07:12]} Nxd5 {[%emt 0:07:58]} 13. exd5 {[%emt 0:01:00]} Bf5 {[%emt 0:00:02]} 14. Bd3 {[%emt 0:01:14]} Bxd3 {[%emt 0:02:29]} 15. Qxd3 {[%emt 0:07:53]} Qc7 {[%emt 0:05:03]} 16. Qe2 {[%emt 0:03:59]} b5 {[%emt 0:03:44]} 17. Rd3 {[%emt 0:06:48]} O-O {[%emt 0:11:57]} 18. Qd2 {[%emt 0:16:11]} b4 {[%emt 0:05:51]} 19. Rc1 {[%emt 0:00:27]} e4 {[%emt 0:12:32]} 20. fxe4 {[%emt 0:02:01]} Ne5 {[%emt 0:00:28]} 21. Qxb4 {[%emt 0:01:02]} Nxd3 {[%emt 0:00:25]} 22. cxd3 {[%emt 0:00:06]} Qd7 {[%emt 0:00:32]} 23. Rxc8 {[%emt 0:03:35]} Qxc8 {[%emt 0:02:30]} 24. Nd4 {[%emt 0:00:54]} Qg4 {[%emt 0:08:43]} 25. Qd2 {[%emt 0:00:27]} g6 {[%emt 0:00:43]} 26. Nc6 {[%emt 0:08:31]} Bf6 {[%emt 0:01:41]} 27. Bf4 {[%emt 0:00:50]} Qd7 {[%emt 0:05:54]} 28. h3 {[%emt 0:02:17]} Bd8 {[%emt 0:06:45]} 29. Nb8 {[%emt 0:14:51]} Qc7 {[%emt 0:04:33]} 30. Nxa6 {[%emt 0:03:15]} Qb6 {[%emt 0:02:33]} 31. Nb4 {[%emt 0:02:00]} f5 {[%emt 0:00:52]} 32. e5 {[%emt 0:03:19]} dxe5 {[%emt 0:05:10]} 33. Bxe5 {[%emt 0:00:06]} Qg1+ {[%emt 0:00:13]} 34. Kc2 {[%emt 0:01:29]} Ba5 {[%emt 0:00:57]} 35. a3 {[%emt 0:05:51]} f4 {[%emt 0:02:31]} 36. Kb3 {[%emt 0:04:14]} Bxb4 {[%emt 0:01:01]} 37. axb4 {[%emt 0:01:08]} Qa1 {[%emt 0:01:56]} 38. Qc2 {[%emt 0:01:18]} Ra8 {[%emt 0:00:20]} 39. Qc6 {[%emt 0:02:35]} Qd1+ {[%emt 0:01:08]} 40. Kc4 {[%emt 0:00:00]} Qc2+ {[%emt 0:00:00]} 41. Bc3 {[%emt 0:00:15]} Rd8 {[%emt 0:02:35]} 42. Qxg6+ {[%emt 0:01:27]} Kf8 {[%emt 0:00:05]} 43. Qf6+ {[%emt 0:00:33]} Ke8 {[%emt 0:00:06]} 44. Qe6+ {[%emt 0:00:24]} Kf8 {[%emt 0:00:05]} 45. d6 {[%emt 0:00:15]} 1-0

[Event "EYCC Open-U16 2019"]
[Site "Bratislava"]
[Date "2019.08.05"]
[Round "4.6"]
[White "Teclaf, Pawel"]
[Black "Boyer, Mahel"]
[Result "1-0"]
[WhiteElo "2454"]
[BlackElo "2295"]
[Annotator "TA"]
[PlyCount "63"]
[EventDate "2019.08.02"]
[EventType "swiss"]
[EventCountry "SVK"]
[SourceTitle "playchess.com"]
[Source "ChessBase"]
[SourceQuality "1"]

{[%evp 10,63,31,15,0,-6,33,0,23,0,29,34,37,32,18,20,29,13,16,12,17,14,51,59,57,45,39,35,50,44,39,22,66,0,8,0,1,6,5,7,220,224,250,224,202,202,215,218,200,204,427,423,412,422,527,410]} 1. e4 e6 2. d4 d5 3. e5 c5 4. c3 Bd7 5. Nf3 Qb6 6. Bd3 cxd4 {C02: French: Advance Variation} 7. cxd4 (7. Nxd4 Nc6 8. Nxc6 bxc6 9. O-O Ne7 10. Qe2 a5 11. Nd2 c5 12. c4 Nc6 13. f4 g6 14. Kh1 {0-1 (36) Hou,Y (2649)-Short,N (2670) Hoogeveen 2016}) 7... Bb5 8. Bc2 Nc6 {The position is equal.} 9. Nc3 Ba6 $146 ({Predecessor:} 9... Bb4 10. a3 Bxc3+ 11. bxc3 Qa6 12. a4 Bc4 13. Ba3 Nge7 14. Nd2 {0-1 (14) Lecoro,S (1560)-Rei Rosa,J (1803) Reunion 2007}) 10. a3 Rc8 11. Ne2 Qb5 12. Nf4 Nge7 13. Bd3 Qb6 14. O-O Bxd3 15. Qxd3 Nf5 {[%cal Rf5d4]} 16. Nxd5 Qd8 17. Nc3 Nfxd4 18. Rd1 {[%cal Rf3d4]} Nb3 $1 {[#] Strongly threatening ...Qxd3.} 19. Qe4 (19. Qf1 $5 {[%cal Rd1d8]} Qa5 20. Rb1 $14 (20. Qd3 $2 Rd8 $19)) 19... Qa5 20. Rb1 {With the idea Be3.} Nxc1 21. Rbxc1 ({White should try} 21. b4 $14 Qxa3 22. Rdxc1) 21... Be7 $11 22. Qf4 O-O 23. Ne4 $36 {[%cal Bc3e4,Be4f6,Bf6d7][%mdl 2080] Black is under pressure.} Rcd8 24. Nf6+ Kh8 $2 (24... Bxf6 $11 25. exf6 Rxd1+ 26. Rxd1 Rd8) 25. Nd7 $18 Rfe8 26. Qxf7 Qa4 27. Qxe6 Bg5 {[#]} 28. Qc4 $1 {[%cal Rc4a4]} (28. Nxg5 Rxe6 29. Nxe6 Rc8 $16) 28... Qxc4 29. Rxc4 Nxe5 $2 (29... Re7) 30. Nfxe5 ({Less strong is} 30. Nxg5 Nxc4 31. Nf7+ Kg8 $14) 30... Rxe5 31. f4 {[%mdl 64] Double Attack} b5 32. Rcd4 {Accuracy: White = 69%, Black = 45%.} ({Not} 32. fxe5 bxc4 33. e6 Kg8 $16) 1-0

[Event "EYCC Open-U16 2019"]
[Site "Bratislava"]
[Date "2019.08.05"]
[Round "4.7"]
[White "Stoyanov, Tsvetan"]
[Black "Milosevic, Milos"]
[Result "1/2-1/2"]
[WhiteElo "2387"]
[BlackElo "2312"]
[Annotator "TA"]
[PlyCount "85"]
[EventDate "2019.08.02"]
[EventType "swiss"]
[EventCountry "SVK"]
[SourceTitle "playchess.com"]
[Source "ChessBase"]
[SourceQuality "1"]

{[%evp 10,85,-7,-10,0,0,19,14,33,25,32,22,18,16,16,4,0,-12,-18,0,0,10,11,11,8,-19,-28,-18,-14,-14,-13,-12,-18,-22,-21,-14,6,5,16,1,16,0,0,0,0,0,0,0,0,0,0,0,18,15,14,17,13,18,21,0,0,0,0,0,0,0,23,0,0,0,22,0,6,0,43,0,27,0]} 1. e4 e6 2. d4 d5 3. Bd3 dxe4 4. Bxe4 Nf6 5. Bf3 c5 6. Ne2 cxd4 {C01: French: Exchange Variation} 7. Qxd4 Nbd7 8. Nbc3 Bc5 {The position is equal.} 9. Qf4 Qe7 10. Qg3 $146 ({Predecessor:} 10. O-O Bd6 11. Qh4 Ne5 12. Bg5 h6 13. Be4 O-O 14. Bxf6 Qxf6 15. Qxf6 gxf6 {0-1 (51) Carlsen,M (2837)-Grischuk,A (2763) Astana 2012}) 10... O-O {[#]} 11. Bh6 $1 {[%csl Gh6][%cal Rg3g7][%mdl 512]} Ne8 12. O-O-O Kh8 13. Bf4 e5 14. Be3 Bxe3+ 15. fxe3 Nb6 16. Nd5 Nxd5 17. Bxd5 Nf6 18. Nc3 Rb8 19. Rd2 b5 20. Ne4 Nxd5 21. Rxd5 f6 {[#] Threatens to win with ...Bb7.} 22. Nc5 Rd8 23. Rxd8+ Qxd8 24. Rd1 {[%cal Rd1d8]} Qe7 25. e4 h6 26. Rd5 Be6 27. Nxe6 Qxe6 $11 {[%mdl 4096] Endgame KQR-KQR} 28. h3 Qb6 29. Rd7 {[%csl Gd7][%cal Rg3g7]} Rg8 30. a3 a5 31. b3 Qc6 32. Qd3 b4 33. a4 Rc8 34. Rd5 (34. Kb1 {seems wilder.} Kh7 35. h4 Ra8 36. Rd5 h5 37. Qb5) 34... Qb6 35. Kb2 Kh7 36. Rb5 Qa7 37. Qd2 Qc7 38. Rd5 Qb6 39. h4 h5 40. Qe2 Kh6 41. Qd2+ Kh7 42. Qe2 Kh6 43. Qd2+ {Accuracy: White = 67%, Black = 74%.} 1/2-1/2

[Event "EYCC Open-U16 2019"]
[Site "Bratislava"]
[Date "2019.08.05"]
[Round "4.8"]
[White "Sahidi, Samir"]
[Black "Geher, Koppany"]
[Result "1-0"]
[WhiteElo "2369"]
[BlackElo "2211"]
[Annotator "TA"]
[PlyCount "165"]
[EventDate "2019.08.02"]
[EventType "swiss"]
[EventCountry "SVK"]
[SourceTitle "playchess.com"]
[Source "ChessBase"]
[SourceQuality "1"]

{[%evp 15,165,0,0,-20,-35,-27,3,-8,22,2,36,42,39,29,36,29,58,45,50,47,54,54,51,19,56,18,19,20,22,20,27,7,7,7,8,22,22,0,0,-18,16,-12,0,0,2,0,0,0,41,0,25,0,0,0,39,28,35,27,47,47,53,53,53,53,53,53,53,53,53,53,53,53,53,53,53,53,53,53,55,14,25,14,91,91,91,91,92,91,91,91,152,149,152,152,243,224,341,337,298,0,249,162,164,164,196,185,137,0,302,271,213,213,530,555,432,524,524,510,507,426,547,478,483,454,597,625,632,614,591,580,1283,1343,1278,1278,7198,10326,7818,7818,4622,4622,2327,2110,29980,29981,29980,29982,29982,29983,29983,29984,29987,29985]} 1. Nf3 Nf6 2. d4 g6 3. c4 Bg7 4. g3 c6 5. Nc3 d5 6. Qb3 O-O 7. Bg2 Qb6 8. O-O Rd8 9. c5 {D78: Fianchetto Grünfeld: 6 0-0 c6} (9. Bd2 dxc4 10. Qxc4 Be6 11. Qa4 Bf5 12. Rfe1 Ne4 13. Nxe4 Bxe4 14. Ba5 Qa6 15. Qa3 Re8 16. Bf1 c5 17. dxc5 Bxb2 {½-½ (17) Ding,L (2813)-Nepomniachtchi,I (2763) Wijk aan Zee 2019}) 9... Qxb3 10. axb3 Ne4 11. Rd1 $146 {The position is equal.} (11. Bf4 {is more complex.} Na6 12. Ra5 f6 13. Rfa1 e5 14. Be3) ({Predecessor:} 11. e3 Na6 12. Rd1 e5 13. Ne1 Nc7 14. f3 exd4 15. exd4 Nf6 16. b4 Nfe8 {1-0 (75) Sapis,W (2395)-Svenn,G (2345) Gothenburg 1989}) 11... Nd7 {[%cal Bb8d7,Bd7f8,Bf8e6][%mdl 32]} (11... Na6 {with more complications.} 12. Be3 Bg4 13. Ra4 Nc7 14. Rb4 Rdb8) 12. Bf4 Nxc3 (12... Nf8 {keeps more tension.} 13. Be5 f6 14. Bc7 Re8 15. b4 Bd7) 13. bxc3 Re8 14. Bc7 Nf8 15. Ra4 a6 16. Rda1 h6 17. e3 Ne6 18. Bb6 Nf8 19. Bf1 e5 20. Bc7 {[%cal Rf3e5]} ({Reject} 20. dxe5 Nd7 $11) 20... exd4 21. cxd4 Ne6 22. Bd6 Ng5 23. Nxg5 hxg5 24. Rb4 Bf6 25. Bc7 Ra7 26. Bb8 Ra8 27. Bd6 Kg7 28. h3 Bd8 29. Kg2 Rh8 30. g4 Re8 31. Be2 Bf6 32. Bf3 Bd8 33. Be5+ f6 34. Bg3 Re7 35. h4 gxh4 36. Bxh4 g5 37. Bg3 Bc7 38. Rh1 Bxg3 39. Kxg3 Be6 40. Be2 Rh8 41. Rxh8 Kxh8 $14 {[%mdl 4096] Endgame KRB-KRB} 42. Bd3 Kg7 43. Ra4 Re8 44. Ra1 Rh8 45. b4 Bf7 46. Bf5 Bg6 47. f3 Re8 48. Re1 Rd8 (48... Bxf5 $11 49. gxf5 Kf7) 49. Rh1 $1 $16 Re8 {aiming for ...Bxf5.} 50. Kf2 Rd8 51. Ke2 Re8 52. Kd3 Bxf5+ (52... Re7 $142) 53. gxf5 {KR-KR} Rd8 54. e4 dxe4+ (54... Re8 $16 55. exd5 cxd5) 55. fxe4 $18 Kg8 (55... Rd7 $142 56. Ke3 Re7) 56. Ke3 Re8 57. Kd3 Rd8 $1 58. Kc4 Re8 59. Re1 $1 Kf7 {[#]} 60. Kd3 $1 Rd8 61. Rh1 ({White should try} 61. Re2 $16) 61... Kg7 $2 {[%mdl 8192]} (61... Kg8 $1 $11 {and Black has nothing to worry.}) 62. Ke3 Re8 63. Kf3 Rd8 $2 {[#]} (63... Kg8 64. Rc1 Kf7) 64. Rd1 $1 Kf7 65. d5 Rh8 66. dxc6 bxc6 67. Rd7+ Ke8 68. Rd6 Rh3+ 69. Kf2 Rb3 70. Rxf6 Rxb4 71. Kf3 a5 72. Rxc6 Rc4 73. Rg6 Rxc5 74. Rxg5 Kf7 75. Rg6 a4 76. Ra6 Rc3+ 77. Kf4 Rc4 78. Ke5 Rb4 79. Ra7+ {White mates.} Kf8 80. f6 Rb5+ 81. Ke6 Rb6+ 82. Kf5 Rb5+ 83. e5 {Accuracy: White = 69%, Black = 49%.} 1-0